Normal view
MARC view
Entry Topical Term
001 - CONTROL NUMBER
- control field: 15025
003 - CONTROL NUMBER IDENTIFIER
- control field: ARRUPE
005 - DATE AND TIME OF LATEST TRANSACTION
- control field: 20150210141937.0
008 - FIXED-LENGTH DATA ELEMENTS
- fixed length control field: 150210|| aca||aabn | a|a d
040 ## - CATALOGING SOURCE
- Original cataloging agency: ARRUPE
- Transcribing agency: ARRUPE
150 ## - HEADING--TOPICAL TERM
- Topical term or geographic name as entry element: Political science.
670 ## - SOURCE DATA FOUND
- Source citation: Work cat.: (ARRUPE)0: Kurebwa, Joseph. 15021, The politics of economic sanctions on Rhodesia (Zimbabwe) :, 2012.